PC power protection

Αποθηκεύτηκε σε:
Λεπτομέρειες βιβλιογραφικής εγγραφής
Κύριος συγγραφέας: Waller, Mark 1950-
Μορφή: Βιβλίο
Γλώσσα:English
Δημοσίευση: Indianapolis, Ind., USA : H.W. Sams, c1989
Θέματα:
Ετικέτες: Προσθήκη ετικέτας
Δεν υπάρχουν, Καταχωρήστε ετικέτα πρώτοι!

MARC

LEADER 00000cam a2200000 i 4500
001 1/48685
008 980710t1989 eng d
020 |a 0672226375 
035 |l 10043404 
040 |a GR-MY-UA  |b gre  |e aacr 
041 0 |a eng 
082 0 |a 621.3950289 
100 1 |a Waller, Mark  |d 1950- 
245 1 0 |a PC power protection /  |c Mark Waller 
260 |a Indianapolis, Ind., USA :   |b H.W. Sams,   |c c1989 
300 |a xv, 220 p.;  |b ill.;  |c 25 cm. 
500 |a Includes index 
504 |a Bibliography: p. 199-203 
650 0 0 |a Microcomputers  |x Power supply  |x Safety measures. 
852 |a INST  |b SAMOS  |e 19980710  |h 621.3950289 WAL  |p 005300008711  |q 005300008711  |t BK  |y 0 
901 |a BIBL-1998-2 
909 |a Σ  |b 050551 
922 |a 3ΕΛΗ  |b 199707  |c ΔΩΡ  |d ΤΖΑΦΕΡΗΣ